Filmographie Quentin Tarantino - Statistiques

Statistiques générales
  • Ce quiz a été pris 411 fois
  • Le résultat moyen est 8 sur 10
Statistiques - réponses
Année Films % Correct
1994 Pulp Fiction
96%
2012 Django Unchained
86%
2004 Kill Bill : Volume 2
86%
2019 Once Upon a Time... in Hollywood
86%
2003 Kill Bill : Volume 1
85%
1992 Reservoir Dogs
84%
2009 Inglourious Basterds
75%
2015 Les Huit Salopards
72%
1997 Jackie Brown
62%
2007 Boulevard de la mort
54%
Aucun quiz correspondant
Distribution des résultats
% des personnes avec chaque résultat
Percentile par nombre de réponses
Votre historique - résultats
Vous n’avez pas pris ce quiz